Normal view
MARC view
Entry Topical Term
001 - CONTROL NUMBER
- control field: 82574
003 - CONTROL NUMBER IDENTIFIER
- control field: OSt
005 - DATE AND TIME OF LATEST TRANSACTION
- control field: 20241019144228.0
008 - FIXED-LENGTH DATA ELEMENTS
- fixed length control field: 241019|| aca||aabn | a|a d
040 ## - CATALOGING SOURCE
- Original cataloging agency: OSt
- Transcribing agency: OSt
150 ## - HEADING--TOPICAL TERM
- Topical term or geographic name entry element: भरतिए इतिहास
670 ## - SOURCE DATA FOUND
- Source citation: Work cat.: (OSt)67163: पूनम दलाल दहिया 73131, प्राचीन और मध्यकालीन भारत 3 संस्करण , 2024









